Liste des Félins - Statistiques

Statistiques générales
  • Ce quiz a été pris 269 fois
  • Le résultat moyen est 10 sur 51
Statistiques - réponses
Réponse % Correct
Guépard
72%
Jaguar
70%
Léopard
68%
Puma
65%
Panthère des neiges
48%
Ocelot
46%
Lion d'Afrique
42%
Tigre du Bengale
42%
Serval
41%
Tigre de Sibérie
40%
Chat sauvage
39%
Caracal
37%
Chat domestique
36%
Lion d'Asie
33%
Panthère nébuleuse
31%
Lynx Boréal
24%
Tigre de sumatra
22%
Jaguarondi
20%
Margay
19%
Lynx du Canada
18%
Chat des sables
17%
Lynx Roux
17%
Oncille
14%
Panthère de l'Amour
12%
Manul
10%
Chaus
9%
Lynx Pardelle
9%
Chat Viverrin
8%
Chat des Andes
6%
Panthère de Perse
6%
Tigre d'Indochine
6%
Chat de Geoffroy
5%
Chat de Temminck
5%
Panthère de Java
5%
Chat à pied Noir
4%
Chat à tête plate
4%
Chat Marbré
4%
Colocolo
4%
Guigna
4%
Tigre Malais
4%
Chat rubigneux
3%
Chat sauvage d'Afrique
3%
Panthère de Chine du Nord
3%
Panthère du Sri Lanka
3%
Panthère Indienne
3%
Chat de Biet
2%
Panthère d'Arabie
2%
Panthère d'Indochine
2%
Chat Bengale
1%
Chat léopard de la Sonde
1%
Tigre de Chine du Sud
1%
Aucun quiz correspondant
Distribution des résultats
% des personnes avec chaque résultat
Percentile par nombre de réponses
Votre historique - résultats
Vous n’avez pas pris ce quiz